OECD Competition Assessment Reviews: Portugal

Guardado en:
Detalles Bibliográficos
Formato: Libro
Lenguaje:inglés
Publicado: Paris OECD 2018
Colección:OECD Competition Assessment Reviews
Materias:
Etiquetas: Agregar Etiqueta
Sin Etiquetas, Sea el primero en etiquetar este registro!

MARC

LEADER 00000nam a2200000 4500
001 0256342
005 20221220065708.8
020 |a 978-92-64-30001-9 
041 0 |a eng 
044 |a FR 
245 1 0 |a OECD Competition Assessment Reviews: Portugal 
264 1 |a Paris  |b OECD  |c 2018 
300 |a 467 s. 
490 1 |a OECD Competition Assessment Reviews 
830 0 |a OECD Competition Assessment Reviews 
610 2 0 |a súťaž hospodárska 
610 2 0 |a služby 
610 2 0 |a doprava námorná 
610 2 0 |a doprava vnútroštátna 
610 2 0 |a prístavy 
610 2 0 |a doprava cestná 
610 2 0 |a doprava železničná 
610 2 0 |a doprava lodná 
610 2 0 |a metodológia 
610 2 0 |a legislatíva 
610 2 0 |a porovnanie štatistické 
610 2 0 |a Portugalsko